|
|
|
|
| LEADER |
00000nam a2200000 a 4500 |
| 001 |
vtls001314184 |
| 003 |
SK-MaSNL |
| 005 |
20260301065436.0 |
| 008 |
251124s1996 bw a g 0 bel |
| 020 |
|
|
|a 9856318076
|c [130,00]
|
| 035 |
|
|
|a SNK000266636
|
| 040 |
|
|
|a SNK
|b slo
|c SNK
|e AACR2
|
| 041 |
|
|
|a bel
|
| 044 |
|
|
|a bw
|c BY
|
| 080 |
|
|
|a 882.6-821
|2 1981
|
| 100 |
1 |
|
|a Bahdanovič, Maksim A.,
|d 1891-1917
|4 aut
|9 42300
|
| 245 |
1 |
0 |
|a Vybranyja tvory
|c Maksim Bahdanovič ; [ukladanne i kamentaryi Svetlany Zabrodskai ... [et al.]]
|
| 260 |
|
|
|a Minsk
|b Belaruski knihazbor
|c 1996
|
| 300 |
|
|
|a 494, [10] s. fot. príl.
|c 21 cm
|
| 490 |
1 |
|
|a Belaruski knihazbor
|
| 600 |
1 |
7 |
|a Bahdanovič, Maksim A.,
|d 1891-1917
|2 SNK
|9 42300
|
| 650 |
0 |
7 |
|a bieloruská literatúra
|2 SNK
|9 1478
|
| 830 |
|
0 |
|a Belaruski knihazbor
|9 384210
|
| 919 |
|
|
|a 985-6318-07-6
|
| 999 |
|
|
|c 630760
|d 632690
|
| 952 |
|
|
|t P60, <04>, [BOOK], {604}
|a SNK
|b SNK
|y VYP
|7 0
|p 17A0112156
|o snkIC 127008
|i snkV 2915/97
|0 0
|1 0
|4 0
|d 1997-12-11
|l 0
|r 2005-01-02 00:00:00
|w 2026-02-23
|